Berühmte Frauen der Geschichte: Hatschepsut - Statistiken

Allgemein
  • Dieses Quiz wurde 13 mal gespielt
  • Das Durchschnittsergebnis liegt bei 3 aus 10
Antwortstatistiken
Frage Antwort % Korrekt
Wo lag dieses Land höchstwahrscheinlich? Horn von Afrika
60%
Wo wurde Hatschepsut begraben? Tal der Könige
60%
Hatschepsut inszenierte sich als Tochter von... Amun
40%
Wie viele Pharaonen erweiterte Hatschepsut die Tempelanlage von... Karnak
40%
In welcher Epoche des Alten Ägypten regierte Hatschepsut? Neues Reich
30%
Mit welchem Beamten soll Hatschepsut laut einigen Historikern eine Liebesbeziehung gehabt haben? Senenmut
30%
Welchen Namen trugen sowohl Hatschepsuts Vater, als auch ihr Stiefsohn und ihr Halbbruder bzw. Gemahl? Thutmosis
30%
Woran litt Hatschepsut NICHT? Grauer Star
20%
Noch heute steht der Stumpf eines Baums aus Punt vor ihrem Totentempel. Um welchen Baum handelt es sich dabei? Myrrhe
20%
Hatschepsut ist vor allem bekannt für ihre Expeditionen in ein Goldland. Wie hieß dieses Land? Punt
0%
Keine übereinstimmenden Quizze gefunden
Verteilung der Resultate
Anzahl Personen mit jedem Resultat
Perzentil nach korrekt beantworteten Fragen
Ihre Resultats-Entwicklung
Sie haben dieses Quiz noch nicht gespielt